MARC details
| 000 -LEADER |
| campo de control de longitud fija |
01730nkc a22002777a 4500 |
| 001 - NÚMERO DE CONTROL |
| campo de control |
85858 |
| 005 - FECHA Y HORA DE LA ÚLTIMA TRANSACCIÓN |
| campo de control |
20260430100807.0 |
| 007 - CAMPO FIJO DE DESCRIPCIÓN FÍSICA--INFORMACIÓN GENERAL |
| campo de control de longitud fija |
kh bo |
| 008 - DATOS DE LONGITUD FIJA--INFORMACIÓN GENERAL |
| campo de control de longitud fija |
260430s1915 sp ||||| |||| |0| i|spa d |
| 040 ## - FUENTE DE CATALOGACIÓN |
| Centro catalogador/agencia de origen |
M-RABA |
| Lengua de catalogación |
spa |
| Centro/agencia transcriptor |
M-RABA |
| 100 1# - ENTRADA PRINCIPAL--NOMBRE DE PERSONA |
| Nombre de persona |
Roig Villalonga, Juana ( |
| Fechas asociadas al nombre |
1877-1941) |
| 9 (RLIN) |
42535 |
| 245 11 - MENCIÓN DEL TÍTULO |
| Título |
[Vistas de Olite |
| Resto del título |
: Iglesia de Santa María y Alcázar de los Reyes] |
| Mención de responsabilidad, etc. |
/ J. Roig |
| Medio |
[Material gráfico] |
| 260 ## - PUBLICACIÓN, DISTRIBUCIÓN, ETC. |
| Lugar de publicación, distribución, etc. |
Madrid |
| Nombre del editor, distribuidor, etc. |
: J. Roig |
| Fecha de publicación, distribución, etc. |
[ca.1915] |
| 300 ## - DESCRIPCIÓN FÍSICA |
| Extensión |
2 fotografías |
| Otras características físicas |
: aristotipo |
| Dimensiones |
, imagen 15,5 x 21,5 cm |
| 500 00 - NOTA GENERAL |
| Nota general |
Conjunto de dos imágenes que representan diferentes vistas de Olite, en Navarra, correspondientes a la portada de la Iglesia de Santa María y una vista general del antiguo Alcázar de los Reyes. |
| 500 00 - NOTA GENERAL |
| Nota general |
Fot-822: OLITE (Navarra)- Iglesia de Santa María. Puerta<br/>Fot-823: OLITE (Navarra)- Antiguo Alcázar de los reyes de Navarra. |
| 500 00 - NOTA GENERAL |
| Nota general |
Originales de Laurent conservados en el IPCE. Número de inventario: VN-01132 y VN-01241 |
| 500 00 - NOTA GENERAL |
| Nota general |
Sello a tinta en el verso: "J. Roig. Madrid. Carrera y Jerónimo, 58". Corresponde a Juana Roig Villalonga, encargada del negocio de Juan Laurent entre 1915 y 1930.<br/>Fecha tomada de la época en activo de J. Roig. |
| 651 #7 - PUNTO DE ACCESO ADICIONAL DE MATERIA--NOMBRE GEOGRÁFICO |
| Nombre geográfico |
Olite (Navarra, España) |
| 9 (RLIN) |
8884 |
| 655 #0 - TERMINO DE INDIZACIÓN--GENERO/FORMA |
| Datos o término principal de género/forma |
Fotografías de monumentos |
| 9 (RLIN) |
111580 |
| 700 1# - ENTRADA AGREGADA--NOMBRE PERSONAL |
| Nombre de persona |
Laurent, J. ( |
| Fechas asociadas al nombre |
1816-1886) |
| 9 (RLIN) |
55737 |
| 852 ## - LOCALIZACIÓN |
| Número de control de estantería |
Fot-822; Fot-823 |
| 856 ## - LOCALIZACIÓN Y ACCESO ELECTRÓNICOS |
| Identificador Uniforme de Recurso |
<a href="https://archivoybiblioteca.realacademiabellasartessanfernando.com/cgi-bin/koha/opac-retrieve-file.pl?id=a26ffda778db3add87c0237e0db94678">https://archivoybiblioteca.realacademiabellasartessanfernando.com/cgi-bin/koha/opac-retrieve-file.pl?id=a26ffda778db3add87c0237e0db94678</a> |
| Texto de enlace |
Fot-822 |
| 856 ## - LOCALIZACIÓN Y ACCESO ELECTRÓNICOS |
| Identificador Uniforme de Recurso |
<a href="https://archivoybiblioteca.realacademiabellasartessanfernando.com/cgi-bin/koha/opac-retrieve-file.pl?id=13f20047b2d7dc1d14144ec61c74144e">https://archivoybiblioteca.realacademiabellasartessanfernando.com/cgi-bin/koha/opac-retrieve-file.pl?id=13f20047b2d7dc1d14144ec61c74144e</a> |
| Texto de enlace |
Fot-823 |
| 942 ## - ELEMENTOS DE ENTRADA SECUNDARIOS (KOHA) |
| Tipo de ítem Koha |
Fotografías |
| Suprimir en OPAC |
No |